| 000 | 02826nam a2200337 i 4500 | ||
|---|---|---|---|
| 999 |
_c65093 _d65093 |
||
| 001 | 768714001 | ||
| 003 | CO-MdFUSB | ||
| 005 | 20190716131902.0 | ||
| 008 | 190607t2011 ck |||| |||| 00| 0 spa d | ||
| 020 | _a9789588697048 | ||
| 040 |
_aCO-MdFUSB _bspa _cCO-MdFUSB _dCO-MdFUSBC _erda |
||
| 041 | _aspa | ||
| 082 |
_223 _a340.114 _bM156 |
||
| 100 |
_aMackenzie, Eduardo, _eautor |
||
| 245 |
_aJusticia ¿Misión imposible? _b: claves para comprender la crisis del sector. _c/ Eduardo Mackenzie |
||
| 250 | _aPrimera edición | ||
| 264 | 1 |
_aBogotá, Colombia : _bCarrera 7°, _c[2001] |
|
| 264 | 4 | _c© 2011 | |
| 300 |
_a350 páginas _c; 25 cm |
||
| 336 |
_2rdacontent _atexto _btxt |
||
| 337 |
_2rdamedia _asin mediación _bn |
||
| 338 |
_2rdacarrier _avolumen _bnc |
||
| 504 | _aIncluye Referencias Bibliográficas | ||
| 505 | _aUn sistema acusatorio en crisis. -- Rivalidades y choques entre las cortes. -- ¿Crímenes altruista?. -- "Computadores mágicos". -- ¿Farc-política? no hay pruebas. -- Las raíces del desmadre judicial. -- Falsos dogmas sobre la constitución. -- ¿Manos extranjeras orientan a los jueces?. -- Justicia universal. -- El juez como actor político. -- La jurisprudencia sirve para todo. -- La presunción de inocencia. -- La falacia del "nuevo constitucionalismo". -- ¿Hacia un gobierno de los jueces?. -- Intimidación contra los congresistas. -- La metodología "Pitirr". -- La UIP denuncia irregularidades. -- Acusados por votar un proyecto de ley. -- Los elegidos están expuestos a todo. -- Magistrados contra periodistas. -- Un viraje jurisprudencial sorprendente. --La estrategia de las parcelas de poder. -- Granci y la "lenta subversion" -- La política penal de Stalin. ¿una alternativa para Colombia?. -- La responsabilidad de los jueces. -- ¿Hacia una Constitución virtual?. -- La CSJ y sus aliados europeos.-- El proceso del Coronel Plazas Vega. --Obduliio Gaviria y Francisco Santos. -- Intrigas contra periodistas indóciles. -- El saboteo de la elección del Fiscal general. -- El caso Piedad Córdoba y la CSJ. -- La fiscalía y los mártires de Curbaradó. -- "Alfonso Cano", las FARC y la guerra política. -- ¿La reelección de Uribe era importante?. -- El desembarco frustrado de la CPI. -- Las ONG europeas y su actividad en Colombia. --Un curioso colectivo de abogados. -- Las ideas jurídicas de Unasur. -- ¿Hay crímenes de Estado en Colombia?-- El DAS y las "chuzadas": ¿victimario o víctima?. -- La Macarena y su falsa "fosa común" -- El retorno de la ilusión de la negociación con las FARC. -- Repensar la seguridad democrática. | ||
| 563 | _aRústico | ||
| 650 | 0 |
_9397 _aAdministración de justicia _zColombia |
|
| 650 | 0 |
_9397 _aJusticia _2embne _zColombia |
|
| 653 | _aJusticia -- Legislación | ||
| 942 | _cBK | ||
| 945 |
_aJTF-925 _bAEM-53 |
||